| 000 -LEADER |
| fixed length control field |
00725cam a2200241 a 4500 |
| 020 ## - INTERNATIONAL STANDARD BOOK NUMBER |
| ISBN |
0855985232 |
| 040 ## - CATALOGING SOURCE |
| Transcribing agency |
EQO |
| 082 ## - DEWEY DECIMAL CLASSIFICATION NUMBER |
| Classification number |
331 OXF 2004 A065 Or. |
| 100 1# - MAIN ENTRY--AUTHOR NAME |
| Personal name |
Raworth, Kate. |
| 245 10 - TITLE STATEMENT |
| Title |
Trading away our rights : |
| Remainder of title |
women working in global supply chains / |
| 260 ## - PUBLICATION, DISTRIBUTION, ETC. (IMPRINT) |
| Place of publication |
Oxford : |
| Name of publisher |
Oxfam International, |
| Year of publication |
2004. |
| 300 ## - PHYSICAL DESCRIPTION |
| Number of Pages |
101 p. : |
| Other physical details |
col. ill. ; |
| Dimensions |
26 cm. |
| 500 ## - GENERAL NOTE |
| General note |
Cover title. |
| 650 #0 - SUBJECT ADDED ENTRY--TOPICAL TERM |
| Topical Term |
Women employees |
| 650 #0 - SUBJECT ADDED ENTRY--TOPICAL TERM |
| Topical Term |
Women employees |
| 650 #0 - SUBJECT ADDED ENTRY--TOPICAL TERM |
| Topical Term |
Women |
| 650 #0 - SUBJECT ADDED ENTRY--TOPICAL TERM |
| Topical Term |
Wages |
| 650 #0 - SUBJECT ADDED ENTRY--TOPICAL TERM |
| Topical Term |
Business logistics |
| 700 1# - ADDED ENTRY--PERSONAL NAME |
| Personal name |
Coryndon, Anna. |
| 856 41 - ELECTRONIC LOCATION AND ACCESS |
| Uniform Resource Identifier |
http://www.loc.gov/catdir/toc/fy051/2004444636.html |
| 856 42 - ELECTRONIC LOCATION AND ACCESS |
| Uniform Resource Identifier |
http://www.loc.gov/catdir/enhancements/fy1115/2004444636-d.html |
| 942 ## - ADDED ENTRY ELEMENTS (KOHA) |
| Koha item type |
សៀវភៅភាសាអង់គ្លេស |
| 952 ## - LOCATION AND ITEM INFORMATION (KOHA) |
| Withdrawn status [LOCAL, KOHA] |
0 |